ბათუმის შოთა რუსთაველის სახელმწიფო უნივერსიტეტის ბიბლიოთეკა

Справочник контролера машиностроительных заводов: по допускам и линейным измерениям. (ბიბ.ჩანაწერი № 50677)

000 -LEADER
fixed length control field 00769nam a2200205Ia 4500
001 - CONTROL NUMBER
control field 17628
003 - CONTROL NUMBER IDENTIFIER
control field GE_BSU
008 - FIXED-LENGTH DATA ELEMENTS--GENERAL INFORMATION
fixed length control field 181216s||||||||xx |||||||||||||| ||und||
040 ## - CATALOGING SOURCE
Transcribing agency GE_BSU
080 ## - UNIVERSAL DECIMAL CLASSIFICATION NUMBER
Universal Decimal Classification number 621.75(035.3)
100 ## - MAIN ENTRY--PERSONAL NAME
Personal name Бежелукова,Е.Ф. Воробьев,Ю.А. Воронцов,Л.Н. и др.
245 ## - TITLE STATEMENT
Title Справочник контролера машиностроительных заводов: по допускам и линейным измерениям.
245 ## - TITLE STATEMENT
Statement of responsibility, etc. Ред. В.И.Гостев.
260 ## - PUBLICATION, DISTRIBUTION, ETC.
Place of publication, distribution, etc. М.
260 ## - PUBLICATION, DISTRIBUTION, ETC.
Name of publisher, distributor, etc. Машгиз.
260 ## - PUBLICATION, DISTRIBUTION, ETC.
Date of publication, distribution, etc. 1963.
300 ## - PHYSICAL DESCRIPTION
Extent 724 стр. с илл. 19 см.
653 ## - INDEX TERM--UNCONTROLLED
Uncontrolled term Справочник контролера машиностроительных заводов.
942 ## - ADDED ENTRY ELEMENTS (KOHA)
Koha item type წიგნი
ეგზემპლარები
Withdrawn status Lost status Damaged status Not for loan Date acquired Barcode Date last seen Price effective from Koha item type
        2018-12-17 10289 2018-12-17 2018-12-17 წიგნი
        2018-12-17 10290 2018-12-17 2018-12-17 წიგნი